000 00709nam a2200241 i 4500
001 C2-0117978
003 PPAK
005 20180727110923.0
008 970730s1970 miu |||| ||||| | eng d
040 _aPPAK
_beng
_cPPAK
_erda
082 0 4 _a303.495951
_223
090 0 0 _a303.495951
_bRAD
_dKK
100 1 _aRadcliffe, David James,
_eauthor
245 1 0 _aEducation and cultural change among the Malays 1900-1940
264 1 _aMichigan :
_bUMI ,
_c1970
300 _aiii, 216 pages ;
_c21 cm
336 _2rdacontent
_atext
337 _2rdamedia
_aunmediated
338 _2rdacarrier
_avolume
500 _aTesis - Ph.D ; Tidak boleh di fotokopi
650 1 0 _aMalaysia - Social change
942 _ddc
_cB
999 _c31889
_d31889